000 00861nam a2200253 a 4500
001 000022034
005 20240510073816.0
008 100916s2003 ag 001 0 spa d
020 _a9500392127
040 _aDO-SdBNP
_bspa
_cBNPHU
082 _a100
_bD579e, 2003
100 1 _aDilthey, Guillermo,
_d1833-1911
_945679
240 1 2 _aDas wesen der philosophie
245 1 3 _aLa esencia de la filosofía /
_cWilhelm Dilthey ; traducción Elsa Tabernig.
260 _aBuenos Aires :
_bLosada,
_c2003.
300 _a187 p. ;
_c22 cm.
490 1 _aBiblioteca de obras maestras del pensamiento
_v25
600 1 4 _aDILTHEY, GUILLERMO
_d1833-1911
_945680
650 0 _aFilosofía
_9813
700 1 _aTabernig, Elsa,
_etr.
_98755
830 0 _aBiblioteca de obras maestras del pensamiento
_v25
_945681
910 _aValidado. Control de calidad EMS.
049 _aBNPD
999 _c21532
_d21532